English social and cultural history: Introductory guide and glossary (Record no. 396460)

MARC details
000 -LEADER
fixed length control field 00536 a2200205 4500
005 - DATE & TIME
control field 20260408115227.0
008 - FIXED-LENGTH DATA ELEMENTS--GENERAL INFORMATION
fixed length control field 260408b |||||||| |||| 00| 0 eng d
020 ## - ISBN
International Standard Book Number 9789388028851
Price Rs. 625.00
040 ## - CATALOGING SOURCE
Original cataloging agency VIVEKANANDA LIBRARY
082 ## - DDC NUMBER
Classification number 942
Book Number C458E(2)
100 ## - MAIN ENTRY--PERSONAL NAME
Personal name Choudhury, Bibhash
245 ## - TITLE STATEMENT
Title English social and cultural history: Introductory guide and glossary
250 ## - EDITION STATEMENT
Edition statement 2nd
260 ## - PUBLICATION, DISTRIBUTION, ETC. (IMPRINT)
Name of publisher, distributor, etc PHI
Place of publication, distribution, etc Delhi
Date of publication, distribution, etc 2025
300 ## - PHYSICAL DESCRIPTION
Pages xiv, 402
650 ## - Subject
Subject History
650 ## - Subject
Subject Social Culture
650 ## - Subject
Subject Culture History
942 ## - ADDED ENTRY ELEMENTS (KOHA)
Koha item type Books
Holdings
Withdrawn status Lost status Source of classification or shelving scheme Damaged status Not for loan Location (home branch) Sublocation or collection (holding branch) Shelving location Date acquired Koha issues (times borrowed) Koha full call number Accession No. Koha date last seen Koha item type
    Dewey Decimal Classification     VIVEKANANDA LIBRARY VIVEKANANDA LIBRARY Vivekananda Library 02/02/2026   942 C458E(2) 444765 02/02/2026 Books
© Designed and Maintained by Vivekananda Library, MDU Rohtak